000 00397nam a2200133Ia 4500
008 230411s9999 xx 000 0 und d
041 _aeng
082 _aAD/362.11068/BAR/B02562
100 _aBarnett Denise & Kemp Nan
_9177479
245 _aA to Z of Applied Quality for Clinical Managers in Hospitals
260 _bChapman and Hall
_aLondon
_c1994
300 _a159p
999 _c153742
_d153742